<?xml version="1.0" encoding="UTF-8"?>
<collection xmlns="http://www.loc.gov/MARC21/slim">
  <record>
    <leader>00000nam  2200000   4500</leader>
    <controlfield tag="001">INLIS000000000015979</controlfield>
    <controlfield tag="005">20231006025342</controlfield>
    <datafield tag="035" ind1="#" ind2="#">
      <subfield code="a">0010-1023000061</subfield>
    </datafield>
    <controlfield tag="007">ta</controlfield>
    <controlfield tag="008">231006################|##########|#|##</controlfield>
    <datafield tag="084" ind1="#" ind2="#">
      <subfield code="a">R 100 PIM I 2022</subfield>
    </datafield>
    <datafield tag="100" ind1=" " ind2="#">
      <subfield code="a">Robert S. Pangaribuan</subfield>
    </datafield>
    <datafield tag="245" ind1="1" ind2="#">
      <subfield code="a">Optimalisasi Nilai-Nilai Sosial Kultural Masyarakat Minineal Melalui Kegiatan Esports Badan Intelijen Negara RI (Piloting Wilayah Binda Banten) /</subfield>
      <subfield code="c">Robert S. Pangaribuan</subfield>
    </datafield>
    <datafield tag="250" ind1="#" ind2="#">
      <subfield code="a">1</subfield>
    </datafield>
    <datafield tag="260" ind1="#" ind2="#">
      <subfield code="a">Jakarta :</subfield>
      <subfield code="b">Pusbangkom Pimnas dan Manajerial ASN,</subfield>
      <subfield code="c">2022</subfield>
    </datafield>
    <datafield tag="300" ind1="#" ind2="#">
      <subfield code="a">58 halaman :</subfield>
      <subfield code="b">ilus ;</subfield>
      <subfield code="c">30 cm</subfield>
    </datafield>
    <datafield tag="650" ind1="#" ind2="4">
      <subfield code="a">BIN</subfield>
    </datafield>
    <datafield tag="520" ind1="#" ind2="#">
      <subfield code="a">Latar belakang permasalahan mengungkapkan adanya permasalahan terkait lunturnya nilai-nilai sosial kultural masyarakat. Hal ini tampak dengan meningkatnya intoleransi, korupsi dan kriminalitas. Disisi lain belum ada penyampaian nilai-nilai sosial kultural masyarakat yang ditujukan kepada masyarakat milenal dalam bentuk permainan ekstra kurikuler Esports. Hal ini terjadi karena belum adanya kolaborasi antar pemangku kepentingan dalam mengoptimalkan nilai-nilai tersebut. Perubahan itu dalam bentuk terbangunnya nilai-nilai sosial kultural masyarakat yang toleran, anti korupsi dan tidak kriminal.Hal ini bisa dilakukan dengan cara tersampaikannya materi-materi nilai-nilai kultural masyarakat kepada masyarakat milenial dalam bentuk kegiatan ekstra kurikuler esports. Penyampauan materi ini hanya dapat dilakukan apabila terbangun kolaborasi antar pemangku kepentingan dalam menggelorakan nilai-nilai sosial kultural masyarakat.</subfield>
    </datafield>
    <datafield tag="856" ind1="#" ind2="#">
      <subfield code="a">Perpustakaan LAN Pusat</subfield>
    </datafield>
    <datafield tag="990" ind1="#" ind2="#">
      <subfield code="a">100</subfield>
    </datafield>
  </record>
</collection>
